| 000 | 01937nam a2200325 a 4500 | ||
|---|---|---|---|
| 001 | BRCA_3404 | ||
| 005 | 20190320204250.0 | ||
| 041 | _aeng | ||
| 044 | _aenk | ||
| 084 |
_a693 _b.N38 _c1923 |
||
| 100 | 1 |
_aCervantes Saavedra, Miguel de _d1547-1616 _9213 |
|
| 245 | 1 | 0 |
_aThe History of Don Quixote of the Mancha _cTranslated from the Spanish of Miguel de Cervantes Saavedra by Thomas Shelton. |
| 260 |
_aLondres _bNavarre Society _c1923 |
||
| 300 |
_a2 v. _bil. _c24 cm. |
||
| 500 | _aContenido : v.1. Primera parte. Prefacio de F. J. Harvey Darton. Versos preliminares. Retrato de Cervantes por Kent. -- v.2. Segunda parte. Primera representación gráfica de la pareja andantesca | ||
| 500 | _aEdición : Reprint from the First Edition, 1612-1620 with a new Preface by F. J. Harvey Darton and Illustrated with 2 Portraits, 18 Plates and Facsimiles of the Original Engrave Titles | ||
| 500 | _aReimpresión de la primera edición de la primera traducción inglesa (de Thomas Shelton), con un nuevo prólogo de F. J. Harvey Darton. Ilustraciones de Vanderbank, reproducción de las excelentes láminas de la edición inglesa en español de Tonson, en 1738. Va adornada con la primera representación gráfica de la pareja andantesca. Edición limitada. Hermoso ejemplar; lomos y planos decorados con dorados; cortes dorados también Lúdovik Osterc | ||
| 500 | _aIncluye índice : De ilustraciones en cada volumen | ||
| 500 | _aQM1210 | ||
| 546 | _aTexto en : inglés | ||
| 650 | 1 | 4 |
_aNovela española _yÉpoca clásica, 1500-1700 _9215 |
| 650 | 1 | 4 |
_aLiteratura española _yÉpoca clásica, 1500-1700 _9216 |
| 650 | 1 | 4 |
_aNovela española _ySiglo XVII _9217 |
| 650 | 1 | 4 |
_aDon Quijote (Personaje ficticio) _eNovela _9218 |
| 700 | 1 |
_aHarvey Darton, F. J. _d1878-1936 _eEditor _98935 |
|
| 700 | 1 |
_aShelton, Thomas _d?-1626 _eTraductor _98936 |
|
| 740 | 0 | _aEl Ingenioso Hidalgo Don Quijote de la Mancha | |
| 902 | _aQFM | ||
| 942 |
_2lcc _cB |
||
| 999 |
_c3140 _d3140 |
||